000
00276nam a2200121Ia 4500
008
241002s9999 xx 000 0 und d
082
_a
808.88 HAB
100
_a
Habib, Rahimtoola
245
0
_a
Autumn Harvest
260
_a
Lahore:
_c
1966
600
_a
Literature
942
_c
UC
999
_c
18798
_d
18798